000170438 001__ 170438
000170438 005__ 20260420103355.0
000170438 0247_ $$2doi$$a10.1108/ARLA-01-2025-0006
000170438 0248_ $$2sideral$$a148915
000170438 037__ $$aART-2026-148915
000170438 041__ $$aeng
000170438 100__ $$aBotero-Guzmán, Daniel
000170438 245__ $$aProfiles of Colombian export firms
000170438 260__ $$c2026
000170438 5203_ $$aPurpose: To identify and describe the different profiles of Colombian export firms. Design/methodology/approach: Hierarchical cluster analysis is used to identify these profiles on a sample of 5,181 firms. Differences between profiles are tested using analysis of variance (ANOVA) extended by the Bonferroni test. Robustness is checked with two-stage clustering and a multinomial logit model, which validates the results. Findings: There are four profiles of Colombian export firms that exhibit different behaviours depending on their structural characteristics, export intensity and export destinations: Globalised Industrial Leaders (Group 1), Agile Global Exporters (Group 2), Committed Regional Industrialists (Group 3) and Emerging Regional Service Firms (Group 4). Originality/value: This study contributes to the literature on export behaviour and its explanatory factors in the context of Colombian firms and, more broadly, firms from emerging countries. Identifying the profiles of exporting firms is helpful for entrepreneurs and public managers.
000170438 536__ $$9info:eu-repo/grantAgreement/ES/DGA/S52-23R$$9info:eu-repo/grantAgreement/ES/MICINN/PID2021-123154NB-I00
000170438 540__ $$9info:eu-repo/semantics/closedAccess$$aAll rights reserved$$uhttp://www.europeana.eu/rights/rr-f/
000170438 655_4 $$ainfo:eu-repo/semantics/article$$vinfo:eu-repo/semantics/publishedVersion
000170438 700__ $$0(orcid)0000-0002-9758-0149$$aRamírez-Alesón, Marisa$$uUniversidad de Zaragoza
000170438 7102_ $$14012$$2650$$aUniversidad de Zaragoza$$bDpto. Direcc.Organiza.Empresas$$cÁrea Organización de Empresas
000170438 773__ $$g(2026), [19 pp.]$$pAcademia-Revista Latinoamericana de Administracion$$tAcademia-Revista Latinoamericana de Administracion$$x1012-8255
000170438 8564_ $$s834485$$uhttps://zaguan.unizar.es/record/170438/files/texto_completo.pdf$$yVersión publicada
000170438 8564_ $$s1863706$$uhttps://zaguan.unizar.es/record/170438/files/texto_completo.jpg?subformat=icon$$xicon$$yVersión publicada
000170438 909CO $$ooai:zaguan.unizar.es:170438$$particulos$$pdriver
000170438 951__ $$a2026-04-18-10:49:34
000170438 980__ $$aARTICLE